El mercado de valores / (Record no. 123735)

MARC details
000 -LEADER
campo de control de longitud fija 00554nam a2200181 4500
001 - NÚMERO DE CONTROL
campo de control 123735
003 - IDENTIFICADOR DE NÚMERO DE CONTROL
campo de control ES-MaACL
007 - CAMPO FIJO DE DESCRIPCIÓN FÍSICA--INFORMACIÓN GENERAL
campo de control de longitud fija t|
008 - DATOS DE LONGITUD FIJA--INFORMACIÓN GENERAL
campo de control de longitud fija 070214s1963 pr r ||||1| spa d
100 1# - ENTRADA PRINCIPAL--NOMBRE DE PERSONA
Nombre de persona Quintero Ramos, Angel M.
9 (RLIN) 94728
245 13 - MENCIÓN DEL TÍTULO
Título El mercado de valores /
Mención de responsabilidad, etc. Angel M. Quintero Ramos.
260 ## - PUBLICACIÓN, DISTRIBUCIÓN, ETC.
Lugar de publicación, distribución, etc. Río Piedras (Puerto Rico) :
Nombre del editor, distribuidor, etc. Universitaria,
Fecha de publicación, distribución, etc. 1963.
300 ## - DESCRIPCIÓN FÍSICA
Extensión 555 p. ;
Dimensiones 25 cm.
852 ## - LOCALIZACIÓN
Ubicación ES-MaACL
Número de control de estantería C-22827/Ej.1
Sublocalización o colección R.51525
itemnumber 128321
Ubicación en estantería Depósito 2
852 ## - LOCALIZACIÓN
Ubicación ES-MaACL
Número de control de estantería C-56965
itemnumber 180170
Ubicación en estantería Depósito 2
942 ## - ELEMENTOS DE ENTRADA SECUNDARIOS (KOHA)
Fuente del sistema de clasificación o colocación Clasificación decimal universal
Holdings
Estatus retirado Estado de pérdida Fuente del sistema de clasificación o colocación Estado de daño Restricciones de uso No para préstamo Biblioteca de origen Biblioteca actual Ubicación en estantería Fecha de adquisición Total de préstamos Signatura topográfica completa Código de barras Visto por última vez Precio de reemplazo Tipo de ítem Koha Fuente de adquisición
    Clasificación decimal universal   Duplicado   Biblioteca del Ateneo de Madrid Biblioteca del Ateneo de Madrid Depósito 17/01/2008   C-22827/Ej.1 1128916 23/02/2023 23/02/2023 Libro impreso  
            Biblioteca del Ateneo de Madrid Biblioteca del Ateneo de Madrid Depósito 2 02/12/2009   C-56965 1182053 23/02/2023 23/02/2023 Libro impreso